Las cien maravillas : monumentos extraordinarios /
Obra en doce volúmenes que hace una selección de cien obras maestras de la arquitectura universal, agrupándolas en cada volumen en torno a una temática particular (poder político, democracia, desafíos estructurales, etc.).
Shranjeno v:
| Glavni avtor: | |
|---|---|
| Drugi avtorji: | , |
| Format: | Knjiga |
| Jezik: | španščina |
| Izdano: |
Barcelona, España :
Salvat,
1981, c1981
|
| Teme: | |
| Oznake: |
Brez oznak, prvi označite!
|
MARC
| LEADER | 00000nam^a2200000^a^4500 | ||
|---|---|---|---|
| 001 | 000278483 | ||
| 005 | 20250521000000.0 | ||
| 008 | 080701 19811981 | ||
| 009 | 20260310111406.161 | ||
| 020 | |a 84-345-4156-4 | ||
| 020 | |a 84-345-4144-0 | ||
| 025 | |a Donación sin dato, 1 ejemplar | ||
| 037 | |a Acervo ITESO - Biblioteca | ||
| 041 | |a ESP | ||
| 082 | |a 720. 9 |b CIE V. 12 | ||
| 100 | |a Lindinger, Harry C. |e (idea original) | ||
| 240 | 1 | 5 | |a [Las cien maravillas] |
| 245 | 1 | 4 | |a Las cien maravillas : |b monumentos extraordinarios / |c Idea original de H.C. Lindinger ; dir. de J. Salvat ; dir. editorial de R. Martín. |
| 264 | 4 | |a Barcelona, España : |b Salvat, |c 1981, c1981 | |
| 300 | |a 168 p. | ||
| 336 | |a texto |b txt |2 rdacontenido | ||
| 337 | |a sin mediación |b n |2 rdamedio | ||
| 338 | |a volumen |b nc |2 rdasoporte | ||
| 520 | |a Obra en doce volúmenes que hace una selección de cien obras maestras de la arquitectura universal, agrupándolas en cada volumen en torno a una temática particular (poder político, democracia, desafíos estructurales, etc.). | ||
| 649 | |a XX | ||
| 650 | |a Puentes - |z Aviñón, Francia | ||
| 650 | |a Torres - |z París, Francia | ||
| 650 | |a Aeropuertos - |z París, Francia | ||
| 650 | |a Templos Cristianos - |z Urnes, Noruega | ||
| 650 | |a Rascacielos - |z Nueva York, EUA | ||
| 650 | |a Presas - |z Las Vegas, EUA | ||
| 650 | |a Plataformas Petroleras - |z Mar del Norte | ||
| 650 | |a Canales - |z Panamá | ||
| 650 | |a Arquitectura - |x Historia y Crítica | ||
| 650 | |a Arquitectura - |x Enciclopedias y Diccionarios - |x Tema Principal | ||
| 650 | |a Arte - |x Historia y Crítica | ||
| 650 | |a Historia Universal | ||
| 700 | |a Salvat, Juan |e (dirección) | ||
| 700 | |a Martín, Ricardo |e (dirección editorial) | ||
| 910 | |a Fondo General | ||
| 920 | |a Impresos - Libros | ||
| 930 | |a Obras de Referencia | ||
| 905 | |a 102 | ||
| 901 | |a 0500164007 |b IT2 |c REF |i D |u 20250521 | ||
| 902 | |a https://opac.biblio.iteso.mx/vufind/Record/000278483 | ||